Taylor Swift - I Can Do It With A Broken Heart Lyrics - Statistics

General Stats
  • This quiz has been taken 265 times
  • The average score is 323 of 356
Answer Stats
Answer % Correct
a
99%
I
99%
an
98%
can
98%
do
97%
He
97%
he
97%
it
97%
it"
97%
all
96%
All
96%
and
96%
And
96%
broken
96%
I'm
96%
my
96%
the
96%
The
96%
with
96%
you
96%
You
96%
your
96%
you're
96%
life"
95%
life
95%
like
95%
when
95%
But
94%
but
94%
every
94%
heart
94%
it's
94%
make
94%
me
94%
of
94%
said
94%
so
94%
They
94%
time
94%
was
94%
act
93%
birthday
93%
camera
93%
'Cause
93%
day
93%
depressed
93%
did
93%
fake
93%
handle
93%
hit
93%
kid
93%
know
93%
love
93%
real
93%
shit
93%
short
93%
smile
93%
'til
93%
am
92%
art
92%
as
92%
cry
92%
down
92%
Even
92%
even
92%
floor
92%
good
92%
her
92%
lights
92%
Lights
92%
lot
92%
"More"
92%
productive
92%
that
92%
tough
92%
bitch
91%
crowd
91%
die
91%
having
91%
him
91%
his
91%
pieces
91%
read
91%
avoids
90%
Breaking
90%
gotta
90%
mind
90%
"She's
90%
wanna
90%
chanting
89%
he'd
88%
obsessed
88%
hittin'
87%
plague
87%
shattered
87%
too
87%
marks
86%
winnin'
86%
for
85%
in
83%
In
83%
"Babe
81%
grinnin'
81%
been
78%
I've
76%
quite
76%
doin'
75%
left
75%
since
75%
show
74%
breath
72%
hold
72%
There
72%
glittering
69%
this
69%
night
68%
miles
64%
stilettos
62%
test
61%
pass
60%
sequin
57%
thing
57%
evidence
55%
prime
55%
off
54%
stars
54%
sure
54%
Crucial
53%
keep
53%
lies
53%
things
53%
didn't
52%
drawers
51%
finding
51%
imagine
51%
silhouette
51%
whole
51%
refract
40%
No matching quizzes found
Score Distribution
Percent of People with Each Score
Percentile by Number Answered
Your Score History
You have not taken this quiz